[Event "CRO-ch U11"]
[Site "Trogir"]
[Date "2021.06.21"]
[Round "4"]
[White "Solin, Borna"]
[Black "Sarac, Fran"]
[Result "1-0"]
[WhiteElo "1394"]
[BlackElo "1703"]
[PlyCount "95"]
[EventDate "2021.06.19"]
[EventType "swiss"]
[EventRounds "9"]
[EventCountry "CRO"]
[SourceTitle "EXT 2022"]
[Source "ChessBase"]
[SourceDate "2021.10.06"]
[SourceVersion "1"]
[SourceVersionDate "2021.10.06"]
[SourceQuality "1"]

1. d4 d6 2. Nf3 g6 3. e3 Bg7 4. Bd3 Nd7 5. 0-0 a6 6. b3 b5 7. Bb2 Bb7 8. Nbd2 e5 9. dxe5 dxe5 10. e4 Ne7 11. c4 Nc5 12. Bc2 Nc6 13. cxb5 axb5 14. a3 b4 15. Nc4 Qxd1 16. Rfxd1 0-0 17. a4 Rfe8 18. h3 Rad8 19. Nh2 Nd4 20. Bxd4 Rxd4 21. f3 Red8 22. Na5 Rd2 23. Nf1 Rxd1 24. Rxd1 Rxd1 25. Bxd1 Kf8 26. Kf2 Ba6 27. Bc2 Bh6 28. Bd1 Nd3+ 29. Kg1 Ke8 30. Be2 Bf8 31. Nc6 Nc5 32. Bxa6 Nxa6 33. Nxe5 Bc5+ 34. Kh2 Bd6 35. f4 g5 36. g3 f6 37. Nd3 gxf4 38. gxf4 Nc5 39. Nxc5 Bxc5 40. Kg3 Kf7 41. Kf3 Ke6 42. Ne3 c6 43. Ke2 Kd6 44. Nc4+ Kc7 45. e5 fxe5 46. fxe5 Kd7 47. Kd3 Ke6 48. Ke4 1-0

[Event "CRO-ch U11"]
[Site "Trogir"]
[Date "2021.06.20"]
[Round "3"]
[White "Mandaric, Duje"]
[Black "Solin, Borna"]
[Result "1-0"]
[WhiteElo "1166"]
[BlackElo "1394"]
[PlyCount "65"]
[EventDate "2021.06.19"]
[EventType "swiss"]
[EventRounds "9"]
[EventCountry "CRO"]
[SourceTitle "EXT 2022"]
[Source "ChessBase"]
[SourceDate "2021.10.06"]
[SourceVersion "1"]
[SourceVersionDate "2021.10.06"]
[SourceQuality "1"]

1. e4 e5 2. Nf3 Nc6 3. Bc4 Bc5 4. c3 Nf6 5. d3 a6 6. 0-0 0-0 7. Re1 d6 8. a4 Ne7 9. Nbd2 Ng6 10. Nf1 Re8 11. Ng3 Be6 12. Bb3 h6 13. h3 c6 14. Qc2 Qb6 15. Bxe6 fxe6 16. b4 Nf4 17. bxc5 Qxc5 18. Rb1 b5 19. Be3 Qa3 20. Ra1 Qxa1 21. Rxa1 c5 22. Bxf4 exf4 23. Ne2 e5 24. Qa2+ c4 25. axb5 Kf8 26. dxc4 Nxe4 27. bxa6 Rec8 28. a7 Nc5 29. Qa3 Ke7 30. Nh4 Kf6 31. g3 fxg3 32. Nxg3 g5 33. Nhf5 1-0

[Event "CRO-ch U11"]
[Site "Trogir"]
[Date "2021.06.19"]
[Round "1"]
[White "Pecotic, Rudi"]
[Black "Solin, Borna"]
[Result "0-1"]
[WhiteElo "1692"]
[BlackElo "1394"]
[PlyCount "120"]
[EventDate "2021.06.19"]
[EventType "swiss"]
[EventRounds "9"]
[EventCountry "CRO"]
[SourceTitle "EXT 2022"]
[Source "ChessBase"]
[SourceDate "2021.10.06"]
[SourceVersion "1"]
[SourceVersionDate "2021.10.06"]
[SourceQuality "1"]

1. c4 e5 2. Nc3 Nf6 3. g3 c6 4. Bg2 d5 5. b3 Bf5 6. d3 h6 7. e4 Be6 8. Nf3 Nbd7 9. Bb2 d4 10. Nb1 Bb4+ 11. Nbd2 0-0 12. a3 Bxd2+ 13. Qxd2 Nc5 14. Qc2 Qc7 15. Nxd4 exd4 16. Bxd4 Ncd7 17. 0-0 c5 18. Bc3 Rad8 19. b4 b6 20. bxc5 bxc5 21. h3 Ne8 22. f4 f6 23. Rab1 Nb6 24. Ba5 Bf7 25. Rfd1 Kh8 26. d4 Rxd4 27. Rxd4 cxd4 28. c5 Qc8 29. Bxb6 axb6 30. Rxb6 d3 31. Qc3 d2 32. Bf3 Nc7 33. Rc6 Rd8 34. Qc2 Qb7 35. Rb6 Qa7 36. a4 Be8 37. Bd1 Bxa4 38. Qxa4 Qxa4 39. Bxa4 d1Q+ 40. Bxd1 Rxd1+ 41. Kf2 Rc1 42. c6 Kg8 43. Kf3 Kf7 44. f5 Rc3+ 45. Ke2 Ke7 46. Kf2 Kd6 47. h4 Rxc6 48. Rxc6+ Kxc6 49. Ke3 Kd6 50. Kf4 Ke7 51. g4 Kf7 52. g5 Ne8 53. e5 h5 54. gxf6 gxf6 55. e6+ Ke7 56. Kg3 Nd6 57. Kf4 Ke8 58. Ke3 Nxf5+ 59. Kf4 Nxh4 60. Kg3 Ng6 0-1